000 00449nam a2200145Ia 4500
008 230917s9999||||xx |||||||||||||| ||und||
040 _e171764
_aMAIN
041 _aEnglish
082 _a891.437741 JA199Y
100 _aजैन, अक्षय कुमार
245 0 _aयाद रही बाते
260 _aनई दिल्ली
_bहिन्दी बुक सेंटर
_c1974
300 _a126 पृ. p.
942 _cHN
999 _c181622
_d181622